Loreto College Library, Kolkata
WEBOPAC (ONLINE PUBLIC ACCESS CATALOGUE)

Lal Bahadur Shastri (Record no. 13904)

MARC details
000 -LEADER
fixed length control field 00507nam a2200181Ia 4500
008 - FIXED-LENGTH DATA ELEMENTS--GENERAL INFORMATION
fixed length control field 131103s9999 xx 000 0 und d
040 ## - CATALOGING SOURCE
Original cataloging agency Loreto College
041 ## - LANGUAGE CODE
Language code English
082 ## - DDC | ডিউই
Classification number | বর্গসংখ্যা 920/SAS
Book Number | গ্রন্থাঙ্ক LCLIB/15032
245 ## - TITLE STATEMENT | অাখ্যা বিবরণী
Title | অাখ্যা Lal Bahadur Shastri
Sub title | উপঅাখ্যা vyakti aur vichar
Statement of responsibility | লেখকের দায়িত্বের বিবরণ edited by Sailendra Kumar Pathak
260 ## - IMPRINT | প্রকাশনা ক্ষেত্র
Place of publication | প্রকাশ স্থান Delhi
Name of publisher | প্রকাশকের নাম S.Chandra and Co.
Date of publication | প্রকাশ কাল 1956
300 ## - PHYSICAL DESCRIPTION |
Page / Vol. No | পৃষ্ঠা / খন্ড সংখ্যা 74 p.
630 ## - SUBJECT ADDED ENTRY--UNIFORM TITLE
Uniform title India - Biography
650 ## - SUBJECT ADDED ENTRY--TOPICAL TERM | বিষয় শিরোনাম - মূল বিষয়
Topical term | মূল বিষয় Shastri,Lal Bahadur
651 ## - SUBJECT ADDED ENTRY--GEOGRAPHIC NAME | বিষয় শিরোনাম - ভৌগলিক নাম
Geographic name | ভৌগলিক বিষয় Biography
850 ## - HOLDING INSTITUTION
Holding institution LCLIB
942 ## - ADDED ENTRY ELEMENTS (KOHA)
Koha item type Books
Holdings
Withdrawn status Lost status Damaged status Not for loan Home library Current library Date acquired Total Checkouts Full call number Accession No. Date last seen Price effective from Koha item type
        Loreto College Loreto College 04/11/2013   920/SAS LCLIB/15032 B13931 04/11/2013 04/11/2013 Books